Extrafloral nectaries in Solanum (Registro nro. 13675)

Detalles MARC
000 -CABECERA
Campo de control 003340000a22001330004500
090 ## - CLASIFICACIÓN LOCAL
Colección AR
Consecutivo 04575
041 0# - IDIOMA
Código de idioma para texto/pista de sonido o título separado
100 1# - ASIENTO PRINCIPAL--NOMBRE PERSONAL
Nombre personal Anderson, Gregory J.
245 10 - MENCION DE TITULO
Título Extrafloral nectaries in Solanum
300 ## - DESCRIPCION FISICA
Otros detalles físicos ilus.
700 1# - ASIENTO SECUNDARIO - NOMBRE PERSONAL
Nombre personal Symon, David E.
773 1# - Item fuente:
Título Biotropica
Descripción física 1
Paginas del Articulo 40-45 p.
Lugar, editorial y fecha de publicación 1985
Información sobre la relación 17
942 ## - ELEMENTOS ADICIONALES (KOHA)
Tipo de ítem Artículo
Existencias
Withdrawn status Lost status Damaged status No para préstamo Colección Ubicación Permanente Ubicación actual Fecha de adquisición Fuente de Valor Datos de publicación Seriada Total Checkouts Número topográfico Inventario / Código de Barras Date last seen Ejemplar Price effective from Forma de adquisición Tipo de material
      No para Préstamo Hemeroteca Bogotá Bogotá 03/03/2010 Escobar Sarria, Federico Fuera de circulación   AR 04575 027925 25/03/2015 1 25/03/2015   Artículo